Pokémon - La Cinquième Génération - Statistiques

Statistiques générales
  • Ce quiz a été pris 30 fois
  • Le résultat moyen est 12 sur 20
Statistiques - réponses
Question Réponse % Correct
JEUX - Quel est le Pokédex de la région d'Unys ?
100%
CARTES - Quel est le type de la carte Zoroark dans l'extension "Explorateurs Obscurs" ?
100%
JEUX - Quel est le nom de la capacité signature de Kyurem ? ÈreGlaciaire
100%
JEUX - Quel est le nom du chercheur de la Nouvelle Team Plasma ? Nikolaï
100%
JEUX - Quel est le Pokémon volé à la petite soeur du rival par la Team Plasma dans Pokémon Noir 2 & Blanc 2 ?
90%
JEUX - Quel membre du Conseil 4 pouvait être vu plus jeune au côté de Parsley au Castel de Combat ?
90%
ANIMÉ - Quel est le premier Pokémon Légendaire que l'on voit dans la série Noir & Blanc ?
80%
CARTES - Quel Pokémon ne porte pas le symbole Plasma dans l'extension "Glaciation Plasma" ?
80%
ANIMÉ - Qui est la personne à avoir vaincu Sacha en Quart de Finale de la Conférence de Verteresse ?
60%
ANIMÉ - Quel Pokémon Shiny Sandra a-t-elle capturé aux Îles Décolores ?
60%
MANGA - Comment se déroule le combat d'arène à Ogoesse ? Combat Trio
60%
MANGA - Quelle est la profession de Norris ? Membre de la Force de Police Internationale
50%
MANGA - Quel est le Pokémon ayant atteint son stade ultime d'évolution dans l'équipe de Noir avant qu'il ne reçoive son Gruikui ?
40%
ANIMÉ - Combien de Pokémon Sacha peut-il utiliser dans son combat contre Strykna ? 6
40%
MANGA - À la fin de l'arc Noir et Blanc, qu'arrive-t-il à Noir ? Il est aspiré dans le Galet Blanc
40%
MANGA - Quel est le surnom du Majaspic de Blanche ? Ophéliana
40%
CARTES - Quel est le type le plus présent dans l'extension "Nobles Victoires" ?
30%
CARTES - Quelle est la carte Supporter non présente dans l'extension "Frontières Franchies" ?
30%
CARTES - Combien y a-t-il de cartes Pokémon Feu dans l'extension "Explosion Plasma" ? Deux Cartes
30%
ANIMÉ - Quel est le premier Pokémon d'Iris ?
20%
Aucun quiz correspondant
Distribution des résultats
% des personnes avec chaque résultat
Percentile par nombre de réponses
Votre historique - résultats
Vous n’avez pas pris ce quiz